History Quiz

Random History or World Quiz

This Day in History: March Quiz Stats

 Plays Quiz Updated Mar 1, 2012

Challenge
Share
Tweet
Embed
Score 0/31 Timer 07:00
3 Plays Today
Day Answer % Correct
March 2Mexico
94.4%
March 7Alexander Graham Bell
91.5%
March 5Joseph Stalin
87.6%
March 17Saddam Hussein
86.6%
March 14Albert Einstein
86.2%
March 4Jesus
80.9%
March 15Julius Caesar
80.3%
March 3Helen Keller
77.2%
March 30Ronald Reagan
76.4%
March 8Russia
74.2%
March 24Alaska
73.3%
March 19Adolf Hitler
72.7%
March 31Eiffel Tower
71.1%
March 25United Kingdom
67.9%
March 20Napoleon Bonaparte
64.3%
March 12Fireside Chats
60.3%
Day Answer % Correct
March 13Andrew Johnson
59.8%
March 22Stamp Act
56.2%
March 10Tibet
54.5%
March 11Philippines
54.2%
March 26Bangladesh
49%
March 21Dr. Livingstone, I presume
41.9%
March 29Rosenbergs
39.2%
March 23Mir
39.1%
March 28Crimean War
38.5%
March 27Charles I
38%
March 9C.S.S. Virginia
37.4%
March 1Zimmermann
32.5%
March 6Dred Scott
31.8%
March 16My Lai Massacre
30.8%
March 18Aleksei Leonov
3.6%

You're not logged in!

Compare scores with friends on all Sporcle quizzes.
Join for Free
OR
Log In

You Might Also Like...

Show Comments

Extras

Top Quizzes Today


Score Distribution

Your Account Isn't Verified!

In order to create a playlist on Sporcle, you need to verify the email address you used during registration. Go to your Sporcle Settings to finish the process.

Report this User

Report this user for behavior that violates our Community Guidelines.

Details: